000
00281nam a22001337a 4500
008
171103b xxu||||| |||| 00| 0 eng d
020
_a
9780073528595
041
_a
eng
080
_a
339.138
100
_a
60
101
_a
MAR
245
_a
MARKETING
_c
JOHN.E.R
942
_2
udc
_c
BK
999
_c
37487
_d
37487